Southville International School and Colleges
Your cart is empty.
  • Cart
  • Lists
    Public lists Eva Luna New books Lux_list list_1
    Your lists Log in to create your own lists
  • Log in to your account
  • Your cookies
  • Search history
Southville International School and Colleges
  • Advanced search
  • Recent comments
  • Most popular
  • Libraries

Log in to your account

Log in with GOOGLE


If you do not have an external account, but do have a local account, you can still log in:

  1. Home
  2. MARC view: 80/20 management :
Normal view MARC view ISBD view

80/20 management : (Record no. 358005)

[ view plain ]
MARC details
000 -LEADER
fixed length control field 00549nam a2200205Ia 4500
008 - FIXED-LENGTH DATA ELEMENTS--GENERAL INFORMATION
fixed length control field 180620s9999 xx 000 0 und d
020 ## - INTERNATIONAL STANDARD BOOK NUMBER
International Standard Book Number 81-7094-529-1
050 ## - LIBRARY OF CONGRESS CALL NUMBER
Classification number REF HD 38.15
050 ## - LIBRARY OF CONGRESS CALL NUMBER
Item number .A46 2003
100 ## - MAIN ENTRY--PERSONAL NAME
Personal name Amos, Julie-Ann.
245 #0 - TITLE STATEMENT
Title 80/20 management :
245 #0 - TITLE STATEMENT
Remainder of title how to improve your business effectiveness by 400% /
245 #0 - TITLE STATEMENT
Statement of responsibility, etc Julie-Ann Amos.
260 ## - PUBLICATION, DISTRIBUTION, ETC. (IMPRINT)
Place of publication, distribution, etc New Delhi :
260 ## - PUBLICATION, DISTRIBUTION, ETC. (IMPRINT)
Name of publisher, distributor, etc Vision Books.,
260 ## - PUBLICATION, DISTRIBUTION, ETC. (IMPRINT)
Date of publication, distribution, etc 2003
300 ## - PHYSICAL DESCRIPTION
Extent 96 pages :
300 ## - PHYSICAL DESCRIPTION
Dimensions 18 cm.
650 ## - SUBJECT ADDED ENTRY--TOPICAL TERM
Topical term or geographic name as entry element Management -- Handbooks, manuals, etc.
Holdings
Withdrawn status Lost status Damaged status Home library Current library Shelving location Date acquired Total Checkouts Full call number Barcode Date last seen Price effective from Koha item type
      South Mansfield College South Mansfield College Reference Section 03/07/2005   REF HD 38.15 .A46 2003 SMC00743 06/20/2018 06/20/2018  

80/20 management :

APA

Amos J., .80/20 management. New Delhi: .

Chicago

Amos Julie-Ann, .80/20 management. New Delhi: .

Harvard

Amos J., .80/20 management. New Delhi: .

MLA

Amos Julie-Ann, .New Delhi: . .

  • Place hold
  • Print
  • Cite
  • Add to your cart (remove)
  • Save record
    BIBTEX Dublin Core MARCXML MARC (non-Unicode/MARC-8) MARC (Unicode/UTF-8) MARC (Unicode/UTF-8, Standard) MODS (XML) RIS
  • More searches
    Search for this title in:
    Other Libraries (WorldCat) Other Databases (Google Scholar) Online Stores (Bookfinder.com) Open Library (openlibrary.org)

Exporting to Dublin Core...

SOUTHVILLE LIBRARY

Southville International School and Colleges Library

1281 Tropical Ave. Cor. Luxembourg St., BF Homes International, Las Pinas City

Tel. No. 8256374 / 252358 Loc. 117/146

Powered by Koha